Countries in their native language by flag - Statistics

General Stats
  • This quiz has been taken 13 times
  • The average score is 6 of 16
Answer Stats
Picture Answer % Correct
Sverige
100%
Deutschland
58%
Éire
58%
Hrvatska
58%
Polska
58%
Australia
50%
United States
50%
Rossiya
42%
Bhaarat
33%
Tunis
25%
Česko
17%
Qazaqstan
17%
Azərbaycan
8%
Aleiraq
0%
Daehanmingug
0%
Pratheṣ̄thịy
0%
No matching quizzes found
Score Distribution
Percent of People with Each Score
Percentile by Number Answered
Your Score History
You have not taken this quiz